Normal view MARC view

Entry Nombre personal

Number of records used in: 1

001 - NÚMERO DE CONTROL

  • campo de control: 22141

003 - IDENTIFICADOR DEL NÚMERO DE CONTROL

  • campo de control: FranzMayer

005 - FECHA Y HORA DE LA ÚLTIMA TRANSACCIÓN

  • campo de control: 20190320210442.0

008 - DATOS DE LONGITUD FIJA

  • campo de control de longitud fija: 190320|| aca||aabn | a|a d

040 ## - FUENTE DE LA CATALOGACIÓN

  • Centro catalogador/agencia de origen: FranzMayer
  • Centro/agencia transcriptor: FranzMayer

100 ## - ENCABEZAMIENTO-NOMBRE DE PERSONA

  • Nombre de persona: Lopez Muñoz, Antonio

670 ## - FUENTE DE DATOS ENCONTRADOS

  • Cita de la fuente: Work cat.: (FranzMayer): Lopez Muñoz, Antonio, Theologia fundamentalis, seu apparatus eruditionis ad Theologiam Positivo-Scholasticam, ubi de locis theologicis tam in communiquám in particular copiosè simúl ac concisè disseritur, cum respectiva insertione earum difficultatum quae seu Historiam, seu Criticam, seu Dogmata concernentes, viam pandunt, tum pro Juvenibus in Antiquitate, Historia, Disciplina, & Doctrina Ecclesiae utilitérinstruendis; cúm pro solidé constabiliendis Regulis, queis uti debent in prae dictorum locorum versatione, 1776